000 00831nam a22001217a 4500
999 _c5263
_d5263
008 250829b ||||| |||| 00| 0 eng d
020 _a9780008412968
100 _aGOLD,HANNAH
_eAUTHOR
_lENGLISH
245 _aTHE LOST WHALE
260 _aMACKEN HOUSE,39/40 MAYOR STREET UPPER
_bHarperCollins Children's Books
_c2023
500 _aThe Lost Whale is the enchanting second novel from the author of The Last Bear: the bestselling debut hardback of 2021 and The Times Children's Book of the Week What if you could communicate with a whale? Rio has been sent to live with a grandmother he barely knows in California, while his mum is in hospital back home. He feels alone, and disconnected, struggling with his darkest fears for his mum. The only thing that makes him smile is joining his new friend Marina on her dad's whale
942 _2ddc